pays membre de l'organisation internationale de la francophonie - Statistiques

Statistiques générales
  • Ce quiz a été pris 131 fois
  • Le résultat moyen est 37 sur 51
Statistiques - réponses
Continant Pays % Correct
Europe France
98%
Europe Belgique
97%
Afrique Maroc
95%
Afrique Mali
94%
Afrique Sénégal
93%
Europe Suisse
93%
Afrique Tunisie
93%
Afrique République Démocratique du Congo
92%
Amérique du Nord Canada
91%
Afrique Cameroun
90%
Europe Luxembourg
90%
Afrique Niger
90%
Afrique République du Congo
90%
Afrique Tchad
88%
Europe Andorre
87%
Europe Monaco
87%
Afrique Guinée
85%
Afrique Bénin
84%
Afrique Togo
83%
Afrique Madagascar
82%
Afrique Mauritanie
82%
Afrique Gabon
80%
Afrique Burkina Faso
79%
Afrique Côte d'Ivoire
78%
Afrique Republique Centrafricaine
78%
Amérique du Nord Haïti
77%
Afrique Guinée équatoriale
76%
Asie Liban
76%
Afrique Comores
75%
Afrique Rwanda
73%
Afrique Maurice
72%
Afrique Burundi
71%
Asie Viêtnam
71%
Afrique Guinée-Bissau
70%
Asie Laos
69%
Asie Cambodge
68%
Afrique Djibouti
68%
Afrique Seychelles
65%
Océanie Vanuatu
60%
Afrique Égypte
57%
Europe Roumanie
52%
Afrique Cap Vert
51%
Amérique du Nord Sainte-Lucie
47%
Europe Albanie
46%
Asie Arménie
46%
Amérique du Nord Dominique
45%
Europe Grèce
43%
Afrique Sao Tomé-et-Principe
43%
Europe Bulgarie
42%
Europe Moldavie
36%
Europe Macédoine du Nord
27%
Aucun quiz correspondant
Distribution des résultats
% des personnes avec chaque résultat
Percentile par nombre de réponses
Votre historique - résultats
Vous n’avez pas pris ce quiz